Calciatori con più Espulsioni in Serie A - Statistics

Statistiche generali
  • Questo quiz è stato fatto 85 volte
  • Il punteggio medio è 3 su 22
Statistiche sulle risposte
Numero cartellini rossi Nazione Calciatore % Corretto
16 Uruguay Paolo Montero
92%
11 Italia Francesco Totti
43%
12 Ghana Sulley Muntari
37%
10 Italia Paolo Cannavaro
27%
11 Brasile Felipe
24%
10 Serbia Siniša Mihajlović
19%
10 Francia Philippe Mexès
15%
11 Italia Giuseppe Bergomi
12%
10 Argentina / Italia Omar Sívori
12%
11 Portogallo Fernando Couto
9%
11 Italia Daniele Conti
7%
12 Italia Giampiero Pinzi
7%
12 Italia Luigi Di Biagio
4%
10 Brasile Amarildo
1%
12 Argentina Cristian Ledesma
1%
10 Italia Giovanni Bia
1%
12 Italia Giulio Falcone
1%
11 Italia Massimo Ambrosini
1%
10 Italia David Balleri
0%
11 Italia Giorgio Ferrini
0%
11 Italia Giuseppe Biava
0%
10 Brasile Matuzalém
0%
Nessun quiz corrispondente trovato
Distribuzione punteggi
Percentuale di utenti per punteggio
Percentile per numero di risposta
I tuoi punteggi nel tempo
Non hai fatto questo quiz